000 00477nam a2200193Ia 4500
005 20240823012009.0
008 240823s9999||||xx |||||||||||||| ||und||
041 _aENGLISH
082 _A658.4 P3
100 _aAmrik Singh Sudan
245 0 _aManagement Process and Organisational Behaviour
250 _a1st
260 _c2003
_b"Anmol,New Delhi"
500 _aYES
650 _aManagement
_bManagement Studies
700 _a Kumar N
942 _cBK
999 _c163134
_d163134